[Event "GER-chT U14"]
[Site "Arendsee"]
[Date "2009.12.29"]
[Round "6.4"]
[White "Engelbracht, Lukas"]
[Black "Weissert, Oliver"]
[Result "1/2-1/2"]
[WhiteElo "1109"]
[BlackElo "922"]
[PlyCount "126"]
[EventDate "2009.12.27"]
[EventType "team-swiss"]
[EventRounds "7"]
[EventCountry "GER"]
[SourceTitle "EXT 2022"]
[Source "ChessBase"]
[SourceDate "2021.10.06"]
[SourceVersion "1"]
[SourceVersionDate "2021.10.06"]
[SourceQuality "1"]
[WhiteTeam "Welper SV U14"]
[BlackTeam "Eppingen U14"]
[WhiteTeamCountry "GER"]
[BlackTeamCountry "GER"]

1. d4 d5 2. c4 dxc4 3. e4 e6 4. Nc3 Nf6 5. e5 Nd5 6. Bxc4 Nb6 7. Bb3 Be7 8. Nf3 Nc6 9. Be3 0-0 10. 0-0 Na5 11. Bc2 Nac4 12. Qd3 f5 13. b3 Na5 14. Qd2 Nd5 15. Bg5 b6 16. Bxe7 Nxe7 17. Rad1 Bb7 18. Qd3 Nd5 19. Nxd5 Qxd5 20. Rfe1 Rad8 21. Re3 Nc6 22. Qc4 Qxc4 23. bxc4 Nb4 24. Bb3 c6 25. Ng5 Rfe8 26. g3 h6 27. Nf3 g5 28. h3 Kg7 29. Nh2 a5 30. a4 Kg6 31. h4 Kh5 32. hxg5 hxg5 33. f3 f4 34. g4+ Kg6 35. Re2 Rh8 36. Rdd2 Rd7 37. c5 bxc5 38. dxc5 Rxd2 39. Rxd2 Nd5 40. Rb2 Nb4 41. Rd2 Nd5 42. Bc2+ Kf7 43. Nf1 Ke7 44. Rd1 Ba6 45. Bd3 Bxd3 46. Rxd3 Rb8 47. Nd2 Rb4 48. Ra3 Ne3 49. Ne4 Nc2 50. Ra2 Rb1+ 51. Kf2 Nb4 52. Ra3 Rb2+ 53. Kf1 Ra2 54. Rxa2 Nxa2 55. Nxg5 Nc3 56. Ne4 Nxe4 57. fxe4 Kf7 58. Kf2 Kg6 59. Kg2 Kh6 60. Kf2 Kg6 61. g5 f3 62. Kxf3 Kxg5 63. Kg3 Kh5 1/2-1/2